MARC details
| 000 -CABECERA |
| campo de control de longitud fija |
01588nam a22002777a 4500 |
| 003 - IDENTIFICADOR DEL NÚMERO DE CONTROL |
| campo de control |
OSt |
| 005 - FECHA Y HORA DE LA ÚLTIMA TRANSACCIÓN |
| campo de control |
20250625143215.0 |
| 008 - DATOS DE LONGITUD FIJA--INFORMACIÓN GENERAL |
| campo de control de longitud fija |
250331b |||||||| |||| 00| 0 eng d |
| 020 ## - NÚMERO INTERNACIONAL ESTÁNDAR DEL LIBRO |
| Número Internacional Estándar del Libro |
9780241430903 |
| 040 ## - FUENTE DE LA CATALOGACIÓN |
| Centro/agencia transcriptor |
TBS |
| 100 ## - ENTRADA PRINCIPAL--NOMBRE DE PERSONA |
| Nombre de persona |
Vance, Ashlee |
| 9 (RLIN) |
25101 |
| 245 ## - MENCIÓN DE TÍTULO |
| Título |
Elon Musk |
| Mención de responsabilidad, etc. |
/ Ashlee Vance |
| 260 ## - PUBLICACIÓN, DISTRIBUCIÓN, ETC. |
| Lugar de publicación, distribución, etc. |
Penguin Books, London, 2020 |
| 300 ## - DESCRIPCIÓN FÍSICA |
| Extensión |
80 pages : illustrations ; 20 cm. |
| 490 ## - MENCIÓN DE SERIE |
| Mención de serie |
Penguin readers |
| 520 ## - SUMARIO, ETC. |
| Sumario, etc. |
With carefully adapted text, new illustrations, language practise activities and additional online resources, the Penguin Readers series introduces language learners to bestselling authors and compelling content. Titles include popular classics, exciting contemporary fiction, and thought-provoking non-fiction.<br/><br/>Elon Musk, a Level 3 Reader, is A2 in the CEFR framework. The text is made up of sentences with up to three clauses, introducing first conditional, past continuous and present perfect simple for general experience. It is well supported by illustrations, which appear on most pages.<br/><br/>This book tells the story of Elon Musk, American businessman and multi-billionaire. Learn about his early years in South Africa and Canada, move to Silicon valley and his plans to travel to Mars. |
| 521 ## - NOTA DE PÚBLICO DESTINATARIO |
| Nota de público destinatario |
Abridged Edition |
| 600 #0 - PUNTO DE ACCESO ADICIONAL DE MATERIA--NOMBRE DE PERSONA |
| Nombre de persona |
Musk, Elon |
| 9 (RLIN) |
25102 |
| 650 #0 - PUNTO DE ACCESO ADICIONAL DE MATERIA--TÉRMINO DE MATERIA |
| Término de materia o nombre geográfico como elemento de entrada |
Reading comprehension |
| 9 (RLIN) |
22469 |
| 650 #0 - PUNTO DE ACCESO ADICIONAL DE MATERIA--TÉRMINO DE MATERIA |
| Término de materia o nombre geográfico como elemento de entrada |
Businesspeople |
| 9 (RLIN) |
10396 |
| 650 #0 - PUNTO DE ACCESO ADICIONAL DE MATERIA--TÉRMINO DE MATERIA |
| Término de materia o nombre geográfico como elemento de entrada |
English language |
| Subdivisión de forma |
Textbooks for foreign speakers |
| 9 (RLIN) |
6478 |
| 653 ## - TÉRMINO DE INDIZACIÓN--NO CONTROLADO |
| Término no controlado |
Level 3 Reader, is A2 in the CEFR framework |
| 655 #0 - TÉRMINO DE INDIZACIÓN--GÉNERO/FORMA |
| Datos o término principal de género/forma |
Readers (Adult) |
| 9 (RLIN) |
22484 |
| 655 #0 - TÉRMINO DE INDIZACIÓN--GÉNERO/FORMA |
| Datos o término principal de género/forma |
Biography |
| 9 (RLIN) |
24454 |
| 942 ## - ELEMENTOS DE ENTRADA AGREGADA (KOHA) |
| Fuente del sistema de clasificación o colocación |
Clasificación de Library of Congress |